Detalles MARC
| 000 -CABECERA |
| campo de control de longitud fija |
01813nam a2200277 a 4500 |
| 001 - NÚMERO DE CONTROL |
| campo de control |
000014712 |
| 003 - IDENTIFICADOR DEL NÚMERO DE CONTROL |
| campo de control |
DO-SdBNP |
| 005 - FECHA Y HORA DE LA ÚLTIMA TRANSACCIÓN |
| campo de control |
20240412074241.0 |
| 007 - CAMPO FIJO DE DESCRIPCIÓN FÍSICA--INFORMACIÓN GENERAL |
| campo de control de longitud fija |
ta |
| 008 - DATOS DE LONGITUD FIJA--INFORMACIÓN GENERAL |
| campo de control de longitud fija |
100119s2001 dr r 000 1 spa d |
| 040 ## - FUENTE DE LA CATALOGACIÓN |
| Centro catalogador/agencia de origen |
DO-SdBNP |
| Lengua de catalogación |
spa |
| Centro/agencia transcriptor |
BNPHU |
| 082 #4 - NÚMERO DE LA CLASIFICACIÓN DECIMAL DEWEY |
| Número de clasificación |
RD861.44 |
| Número de documento/Ítem |
H765m |
| Número de edición |
22 |
| 245 00 - MENCIÓN DE TÍTULO |
| Título |
Homenaje a las madres dominicanas : |
| Resto del título |
a través de 20 de nuestros poetas más representativos / |
| Mención de responsabilidad, etc. |
compilación y prólogo Mateo Morrison. |
| 260 ## - PUBLICACIÓN, DISTRIBUCIÓN, ETC. |
| Lugar de publicación, distribución, etc. |
Santo Domingo : |
| Nombre del editor, distribuidor, etc. |
Baninter, |
| Fecha de publicación, distribución, etc. |
2001. |
| 300 ## - DESCRIPCIÓN FÍSICA |
| Extensión |
58 p. ; |
| Dimensiones |
22 cm. |
| 490 1# - MENCIÓN DE SERIE |
| Mención de serie |
Espacios culturales |
| Designación de volumen o secuencia |
14 |
| 505 2# - NOTA DE CONTENIDO CON FORMATO |
| Nota de contenido con formato |
A mi madre / |
| Mención de responsabilidad |
Salomé Ureña de Henríquez -- |
| Título |
Oración a la madre ida / |
| Mención de responsabilidad |
Manuel Llanes -- |
| Título |
Mi vieja se muere / |
| Mención de responsabilidad |
Domingo Moreno Jimenes -- |
| Título |
Remate / |
| Mención de responsabilidad |
Manuel del Cabral -- |
| Título |
Los caballos de suro vienen por el viento / |
| Mención de responsabilidad |
Franklin Mieses Burgos -- |
| Título |
Maternidad / |
| Mención de responsabilidad |
Manuel Rueda -- |
| Título |
A mi madre / |
| Mención de responsabilidad |
Antonio Fernández Spéncer -- |
| Título |
La casa / |
| Mención de responsabilidad |
Aída Cartagena Portalatín -- |
| Título |
¡Duele Enérsida! / |
| Mención de responsabilidad |
Víctor Villegas -- |
| Título |
Como la fuente / |
| Mención de responsabilidad |
Lupo Hernández Rueda. |
| 505 2# - NOTA DE CONTENIDO CON FORMATO |
| Nota de contenido con formato |
Llueve y es que es mayo dulce señora / |
| Mención de responsabilidad |
Máximo Avilés Blonda -- |
| Título |
Clavel encendido / |
| Mención de responsabilidad |
Rodolfo Coiscou Weber -- |
| Título |
Palabras para una madre muerta / |
| Mención de responsabilidad |
Abel fernández Mejía -- |
| Título |
Amor infinito, abnegación infinita / |
| Mención de responsabilidad |
Abel abreu Mejía -- |
| Título |
Madre mujer / |
| Mención de responsabilidad |
Fedrico Jóvine Bermúdez -- |
| Título |
Iniciación del sobresalto / |
| Mención de responsabilidad |
Mateo Morrison -- |
| Título |
Carta a mamá en blanco y negro / |
| Mención de responsabilidad |
Luis Manuel Ledesma -- |
| Título |
Amada -- |
| Mención de responsabilidad |
Tony Raful / |
| Título |
Meciéndose en su agua / |
| Mención de responsabilidad |
Miguel Antonio Jiménez -- |
| Título |
Madre / |
| Mención de responsabilidad |
Carmen Sánchez. |
| 590 ## - NOTA LOCAL (RLIN) |
| Nota local |
Inventariado, 2018/BT |
| 650 #4 - PUNTO DE ACCESO ADICIONAL DE MATERIA--TÉRMINO DE MATERIA |
| Término de materia o nombre geográfico como elemento de entrada |
Poesía dominicana |
| 9 (RLIN) |
66 |
| 650 #0 - PUNTO DE ACCESO ADICIONAL DE MATERIA--TÉRMINO DE MATERIA |
| Término de materia o nombre geográfico como elemento de entrada |
Literatura dominicana. |
| 9 (RLIN) |
67 |
| 700 1# - PUNTO DE ACCESO ADICIONAL--NOMBRE DE PERSONA |
| Nombre de persona |
Morrison, Mateo, |
| Fechas asociadas al nombre |
1947- |
| Término indicativo de función/relación |
comp. |
| 9 (RLIN) |
1469 |
| 830 #0 - PUNTO DE ACCESO ADICIONAL DE SERIE-TÍTULO UNIFORME |
| Título uniforme |
Espacios culturales |
| Número de parte o sección de la obra |
14 |
| 9 (RLIN) |
33367 |
| 910 ## - DATOS DE OPCIÓN DEL USUARIO (OCLC) |
| Datos de opción del usuario |
Validado. Control de calidad MMOLINA |
| 942 ## - ELEMENTOS DE PUNTO DE ACCESO ADICIONAL (KOHA) |
| Fuente del sistema de clasificación o colocación |
Dewey Decimal Classification |
| Tipo de ítem Koha |
Folleto |